| 000 | 00718nam a2200229 i 4500 | ||
|---|---|---|---|
| 001 | bg | ||
| 100 | 1 | _aGOS, Waldemar | |
| 245 | 1 | 0 |
_aZarządzanie wynikiem finansowym i dochodem / _cWaldemar Gos. |
| 260 |
_aWarszawa : _b"Difin", _c1998. |
||
| 300 |
_a104, [1] s. ; _c21 cm. |
||
| 490 | 1 |
_aBiblioteka Doradcy Podatkowego ; _v2 |
|
| 650 | 9 |
_aPrzedsiębiorstwo _xfinanse _xzarządzanie |
|
| 830 | _aBiblioteka Doradcy Podatkowego ; | ||
| 020 | _a8387173290 | ||
| 040 | _cBPK | ||
| 041 | 0 | _apl | |
| 080 | _a658.14/.17.012 | ||
| 920 | _a83-87173-29-0 | ||
| 942 | _cKS | ||
| 008 | s pl f |000 0 pol | ||
| 999 |
_c40299 _d40299 |
||
| 856 |
_uhttp://koha.tu.koszalin.pl/cgi-bin/koha/opac-detail.pl?biblionumber=40299 _yKatalog online BPK |
||